[Event "Nationale I"]
[Site "Avoine"]
[Date "2011.11.12"]
[Round "2.2"]
[White "Favarel, Julien"]
[Black "Iordanov, Nikolay"]
[Result "1-0"]
[WhiteElo "2227"]
[BlackElo "2211"]
[PlyCount "103"]
[EventDate "2011.11.12"]
[EventType "team"]
[EventCountry "FRA"]
[SourceDate "2011.11.20"]
[WhiteTeam "Agen"]
[BlackTeam "JEEN"]

1. e4 e5 2. Nf3 Nc6 3. d4 exd4 4. Nxd4 Bc5 5. Nxc6 Qf6 6. Qf3 dxc6 7. Qxf6 Nxf6
8. f3 Be6 9. Nd2 O-O-O 10. Nb3 Bb6 11. Bd2 Rd7 12. O-O-O Rhd8 13. Be2 h6 14. c4
a6 15. Kc2 Ba7 16. Bc3 Rxd1 17. Rxd1 Rxd1 18. Kxd1 Bg1 19. h3 b6 20. Kd2 a5 21.
Nd4 Bd7 22. Bd3 c5 23. Ne2 Bf2 24. Nf4 c6 25. Ne2 Kd8 26. b3 Ke7 27. Be5 Ne8
28. Nc3 f6 29. Bh2 Bd4 30. Na4 b5 31. Nc3 Nd6 32. cxb5 Bxc3+ 33. Kxc3 cxb5 34.
g4 g5 35. e5 fxe5 36. Bxe5 c4 37. bxc4 bxc4 38. Be2 Bc6 39. Bg7 Nf7 40. Kxc4
Ke6 41. Kd4 Ke7 42. Kc5 Bd7 43. Bb5 Be6 44. a4 Bb3 45. Kb6 Bd1 46. Kxa5 Bxf3
47. Kb6 Nd8 48. a5 h5 49. gxh5 Bxh5 50. a6 Bf3 51. a7 Bg2 52. Be5 1-0

[Event "Nationale I"]
[Site "Avoine"]
[Date "2011.11.12"]
[Round "2.3"]
[White "Mehaibia, Azzedine"]
[Black "Marciniak, Alexandre"]
[Result "0-1"]
[WhiteElo "2147"]
[BlackElo "2209"]
[PlyCount "60"]
[EventDate "2011.11.12"]
[EventType "team"]
[EventCountry "FRA"]
[SourceDate "2011.11.20"]
[WhiteTeam "JEEN"]
[BlackTeam "Agen"]

1. e4 e6 2. d4 d5 3. Nd2 Nf6 4. e5 Nfd7 5. Bd3 c5 6. c3 Nc6 7. Ne2 cxd4 8. cxd4
f6 9. exf6 Nxf6 10. O-O Bd6 11. Nf3 O-O 12. Nc3 e5 13. dxe5 Nxe5 14. Nxe5 Bxe5
15. Bg5 Kh8 16. Re1 Bd4 17. Bh4 Qb6 18. Na4 Qd6 19. Bg3 Qb4 20. a3 Qa5 21. Bc2
Bb6 22. Qd3 Bd7 23. Nxb6 Qxb6 24. Re7 Bb5 25. Qf5 Rae8 26. Rae1 Qc5 27. b4 Rxe7
28. Rxe7 Qxe7 29. Be5 Ne4 30. Qh5 Be8 0-1

[Event "Nationale I"]
[Site "Avoine"]
[Date "2011.11.12"]
[Round "2.4"]
[White "Grizou, Regis"]
[Black "Dicko, Henri"]
[Result "0-1"]
[WhiteElo "2186"]
[BlackElo "2142"]
[PlyCount "60"]
[EventDate "2011.11.12"]
[EventType "team"]
[EventCountry "FRA"]
[SourceDate "2011.11.20"]
[WhiteTeam "Agen"]
[BlackTeam "JEEN"]

1. d4 f5 2. Nf3 Nf6 3. g3 g6 4. Bg2 Bg7 5. c4 d6 6. O-O O-O 7. b4 Ne4 8. Bb2
Qe8 9. Nbd2 c6 10. Qc2 d5 11. a4 Kh8 12. Rac1 Be6 13. cxd5 Bxd5 14. Nc4 Na6 15.
Ba3 Rc8 16. Qd3 Nc7 17. Nfe5 Nd6 18. Bxd5 cxd5 19. Nb2 Ne6 20. b5 f4 21. Nf3
Rxc1 22. Rxc1 Nf5 23. g4 Nfxd4 24. Nxd4 Nxd4 25. Rc7 f3 26. e3 Ne2+ 27. Kh1 Qd8
28. Rxe7 Qa5 29. Qd1 Qc3 30. Rxg7 Qxa3 0-1

[Event "Nationale I"]
[Site "Avoine"]
[Date "2011.11.12"]
[Round "2.5"]
[White "Benbara, Brahim"]
[Black "Le Hetet, Nicolas"]
[Result "0-1"]
[WhiteElo "2071"]
[BlackElo "2143"]
[PlyCount "78"]
[EventDate "2011.11.12"]
[EventType "team"]
[EventCountry "FRA"]
[SourceDate "2011.11.20"]
[WhiteTeam "JEEN"]
[BlackTeam "Agen"]

1. f4 c5 2. Nf3 Nc6 3. g3 d5 4. Bg2 Bg4 5. d3 e6 6. c3 Bxf3 7. Bxf3 Nf6 8. O-O
Be7 9. Qc2 O-O 10. e4 Rb8 11. Be3 Qc7 12. Qf2 d4 13. Bc1 Rfd8 14. e5 Nd5 15. c4
Ne3 16. Re1 Nb4 17. Be4 Nec2 18. a3 Nxa1 19. axb4 cxb4 20. f5 exf5 21. Qxf5 g6
22. Qf2 Qxe5 23. Bf4 Qf6 24. Qe2 Bd6 25. Bd2 Re8 26. Rf1 Qg7 27. Qd1 Rxe4 28.
dxe4 d3 29. Qf3 Rd8 30. Bg5 Rd7 31. Bf6 Bc5+ 32. Kg2 Qf8 33. Nd2 Nc2 34. Kh1
Be3 35. Qg4 Qe8 36. Nf3 d2 37. Ne5 Rd6 38. Qe2 Rxf6 39. Rxf6 Qxe5 0-1

[Event "Nationale I"]
[Site "Avoine"]
[Date "2011.11.12"]
[Round "2.6"]
[White "Marciniak, Gerard"]
[Black "Bousmaha, Abderahmane"]
[Result "0-1"]
[WhiteElo "2153"]
[BlackElo "2080"]
[PlyCount "66"]
[EventDate "2011.11.12"]
[EventType "team"]
[EventCountry "FRA"]
[SourceDate "2011.11.20"]
[WhiteTeam "Agen"]
[BlackTeam "JEEN"]

1. d4 d5 2. c4 Bf5 3. Nc3 e6 4. Nf3 Nc6 5. Bf4 Bd6 6. cxd5 Bxf4 7. dxc6 bxc6 8.
e3 Bd6 9. Qa4 Rb8 10. e4 Bg4 11. e5 Bb4 12. Qxc6+ Kf8 13. O-O-O Ne7 14. Qc4 c6
15. Bd3 Nd5 16. Be4 g6 17. Kc2 Qa5 18. Ra1 Kg7 19. Rhb1 Rhc8 20. h3 Bf5 21.
Bxf5 gxf5 22. Nd2 c5 23. Nb3 Qd8 24. dxc5 Bxc5 25. Nxc5 Nb4+ 26. Qxb4 Rxb4 27.
Nd3 Re4 28. Re1 Qa5 29. g3 Qa4+ 30. Kd2 Qd4 31. Kc2 Rd8 32. Nxe4 Qxd3+ 33. Kc1
fxe4 0-1

[Event "Nationale I"]
[Site "Avoine"]
[Date "2011.11.12"]
[Round "2.7"]
[White "Gatine, Aurelia"]
[Black "Zaninetti, Laurent"]
[Result "0-1"]
[WhiteElo "1973"]
[BlackElo "1990"]
[PlyCount "56"]
[EventDate "2011.11.12"]
[EventType "team"]
[EventCountry "FRA"]
[SourceDate "2011.11.20"]
[WhiteTeam "JEEN"]
[BlackTeam "Agen"]

1. e4 c6 2. d4 d5 3. exd5 cxd5 4. Bd3 Nc6 5. c3 g6 6. Bf4 Nh6 7. Ne2 Bg7 8. Qd2
Nf5 9. Ng3 h5 10. Nxf5 Bxf5 11. Bxf5 gxf5 12. h4 e6 13. Qe2 Qb6 14. O-O Bf6 15.
Na3 a6 16. b4 Rc8 17. b5 Na5 18. bxa6 Qxa6 19. Nb5 Kd7 20. Rab1 Nc4 21. Bg5
Bxg5 22. hxg5 Ra8 23. g6 fxg6 24. Rfe1 Rhe8 25. Qf3 Qc6 26. Re2 Ra5 27. a4 Rxa4
28. Qg3 Ra5 0-1

[Event "Nationale I"]
[Site "Avoine"]
[Date "2011.11.12"]
[Round "2.8"]
[White "Mamah, Isabelle"]
[Black "Fayad, Erwan"]
[Result "1-0"]
[WhiteElo "1849"]
[BlackElo "1851"]
[PlyCount "87"]
[EventDate "2011.11.12"]
[EventType "team"]
[EventCountry "FRA"]
[SourceDate "2011.11.20"]
[WhiteTeam "Agen"]
[BlackTeam "JEEN"]

1. e4 c5 2. c3 d5 3. exd5 Qxd5 4. d4 cxd4 5. cxd4 Nc6 6. Nf3 Bg4 7. Be2 e6 8.
O-O Nf6 9. Nc3 Qa5 10. Bf4 Rd8 11. a3 Nd5 12. Bd2 Qc7 13. Qa4 Nb6 14. Qb5 Be7
15. h3 Bf5 16. Rad1 O-O 17. Be3 Bc2 18. Rd2 a6 19. Qh5 Bg6 20. Qg4 f5 21. Qf4
Bd6 22. Ne5 Nxe5 23. dxe5 Bxe5 24. Qb4 Rxd2 25. Bxd2 f4 26. Bg4 Bf5 27. Bf3 Nc4
28. Bc1 b5 29. Ne4 Rd8 30. b3 Nb6 31. Qa5 Rd3 32. b4 Nc4 33. Qxa6 Bd4 34. Ng5
Nb6 35. Qxb5 Qd8 36. Bxf4 e5 37. Bxe5 Bxe5 38. Qxe5 Bg6 39. Ne6 Qe7 40. Qb8+
Kf7 41. Nf4 Nd7 42. Qa7 Bf5 43. Nxd3 Bxd3 44. Rd1 1-0

[Event "Nationale I"]
[Site "Avoine"]
[Date "2011.11.12"]
[Round "2.1"]
[White "Colin, Vincent"]
[Black "Pinter, Jozsef"]
[Result "0-1"]
[WhiteElo "2415"]
[BlackElo "2549"]
[PlyCount "70"]
[EventDate "2011.11.12"]
[EventType "team"]
[EventCountry "FRA"]
[SourceDate "2011.11.20"]
[WhiteTeam "Lisieux"]
[BlackTeam "Loures barousses"]

1. d4 d5 2. c4 e6 3. Nc3 c6 4. Nf3 Nf6 5. Bg5 Nbd7 6. cxd5 exd5 7. e3 Be7 8.
Bd3 O-O 9. Qc2 Re8 10. h3 Nf8 11. Bf4 Bd6 12. Ne5 Ng6 13. Nxg6 hxg6 14. Bg5 Be6
15. O-O Qd7 16. Bxf6 gxf6 17. f4 f5 18. Rf3 Rec8 19. g4 fxg4 20. hxg4 Bxg4 21.
Rg3 Kg7 22. Qg2 Bf5 23. Bxf5 Qxf5 24. Rf1 Rh8 25. Rff3 Be7 26. Rg4 Rae8 27. Nd1
Bf6 28. Rfg3 Bxd4 29. Rg5 Qd3 30. Qf3 Bf6 31. Nf2 Qb1+ 32. Kg2 Bxg5 33. fxg5
Qxb2 34. a4 Rh4 35. Qd1 Rh2+ 0-1

[Event "Nationale I"]
[Site "Avoine"]
[Date "2011.11.12"]
[Round "2.2"]
[White "Szitas, Gabor"]
[Black "Coursaget, Nicolas"]
[Result "0-1"]
[WhiteElo "2200"]
[BlackElo "2309"]
[PlyCount "88"]
[EventDate "2011.11.12"]
[EventType "team"]
[EventCountry "FRA"]
[SourceDate "2011.11.20"]
[WhiteTeam "Loures barousses"]
[BlackTeam "Lisieux"]

1. e4 Nf6 2. e5 Nd5 3. d4 d6 4. c4 Nb6 5. exd6 cxd6 6. Nc3 g6 7. Be3 Bg7 8. Rc1
O-O 9. b3 Nc6 10. Nf3 Bg4 11. Be2 d5 12. c5 Nc8 13. O-O Bxf3 14. Bxf3 e6 15.
Qd2 N8e7 16. Ne2 Nf5 17. b4 a6 18. a4 Nxe3 19. fxe3 Bh6 20. Nf4 Bxf4 21. exf4
Qf6 22. Rfd1 Kg7 23. g3 h5 24. h4 Rfd8 25. Be2 Ne7 26. Bf1 Nf5 27. Kh2 Rdc8 28.
Bh3 Ne7 29. b5 axb5 30. axb5 Ra4 31. Rc2 Rca8 32. Rb2 Kh7 33. Qe3 Nf5 34. Bxf5
$11 Qxf5 35. Qe5 Ra2 36. Rdd2 Rxb2 37. Rxb2 Qd3 38. Rg2 Qxb5 39. g4 hxg4 40.
Qc7 Kg8 41. h5 Qd3 42. Rxg4 Qf3 43. Rg2 Qxh5+ 44. Kg1 Qh3 0-1

[Event "Nationale I"]
[Site "Avoine"]
[Date "2011.11.12"]
[Round "2.3"]
[White "Le Borgne, Pierre"]
[Black "Sanchez, Nicolas"]
[Result "1/2-1/2"]
[WhiteElo "2198"]
[BlackElo "2160"]
[PlyCount "40"]
[EventDate "2011.11.12"]
[EventType "team"]
[EventCountry "FRA"]
[SourceDate "2011.11.20"]
[WhiteTeam "Lisieux"]
[BlackTeam "Loures barousses"]

1. e4 d6 2. d4 Nf6 3. Nc3 e5 4. Nf3 Nbd7 5. Bc4 Be7 6. O-O O-O 7. Qe2 c6 8. a4
b6 9. Rd1 Qc7 10. Ba2 Bb7 11. h3 a6 12. Bg5 b5 13. d5 b4 14. dxc6 Bxc6 15. Nd5
Bxd5 16. Bxf6 Nxf6 17. Bxd5 Nxd5 18. Rxd5 Rfc8 19. Rc1 Qc6 20. a5 Qa4 $11
1/2-1/2

[Event "Nationale I"]
[Site "Avoine"]
[Date "2011.11.12"]
[Round "2.4"]
[White "Hutin, Christophe"]
[Black "Decosse, Jean Fabien"]
[Result "1-0"]
[WhiteElo "2127"]
[BlackElo "2210"]
[PlyCount "83"]
[EventDate "2011.11.12"]
[EventType "team"]
[EventCountry "FRA"]
[SourceDate "2011.11.20"]
[WhiteTeam "Loures barousses"]
[BlackTeam "Lisieux"]

1. e4 d6 2. d4 Nf6 3. Nc3 e5 4. Nf3 Nbd7 5. Bc4 Be7 6. O-O O-O 7. a4 a6 8. Qe2
c6 9. Rd1 Qc7 10. a5 exd4 11. Nxd4 Ne5 12. Bb3 c5 13. Nf5 Bxf5 14. exf5 c4 15.
Ba2 Qxa5 16. h3 b5 17. Be3 Qd8 18. f4 Nc6 19. Qf3 Nb4 20. Bb1 Qc8 21. g4 Rd8
22. g5 Ne8 23. Bb6 Qxf5 24. Bxd8 Rxd8 25. Nd5 Nxd5 26. Rxd5 Qe6 27. c3 Nc7 28.
Rd1 d5 29. Bc2 Bc5+ 30. Kg2 Qd6 31. Bf5 g6 32. Bg4 Bb6 33. h4 Ne6 34. Bxe6 fxe6
35. Rxa6 Rf8 36. Re1 Qc6 37. h5 Qb7 38. Raa1 Bc7 39. hxg6 Rxf4 40. Qh5 d4+ 41.
Kg1 Bb8 42. Rxe6 1-0

[Event "Nationale I"]
[Site "Avoine"]
[Date "2011.11.12"]
[Round "2.5"]
[White "Marie, Maxime"]
[Black "Osete, Jose"]
[Result "0-1"]
[WhiteElo "2202"]
[BlackElo "2002"]
[PlyCount "94"]
[EventDate "2011.11.12"]
[EventType "team"]
[EventCountry "FRA"]
[SourceDate "2011.11.20"]
[WhiteTeam "Lisieux"]
[BlackTeam "Loures barousses"]

1. c4 e5 2. g3 Nf6 3. Bg2 Nc6 4. Nc3 Bc5 5. e3 O-O 6. Nge2 Re8 7. O-O Bf8 8. d4
d6 9. d5 Nb8 10. a3 a5 11. Rb1 Nbd7 12. b4 b6 13. Qd3 g6 14. e4 Bg7 15. h3 h6
16. Be3 Rf8 17. Rfc1 Ne8 18. Nb5 f5 19. c5 Ba6 20. cxb6 axb4 21. axb4 Nxb6 22.
Rc6 Bb7 23. Bxb6 cxb6 24. Nec3 f4 25. Rd1 Rf7 26. Qc2 Ba6 27. Bf1 Bf8 28. Na4
Qg5 29. g4 f3 30. Nbc3 Bc8 31. Rxc8 Rxc8 32. Bb5 h5 33. Kf1 hxg4 34. hxg4 Rh7
35. Ke1 Rh1+ 36. Bf1 Bh6 37. Qd3 Qxg4 38. Ra1 Nf6 39. Ra2 $11 b5 40. Qxb5 Qxe4+
41. Kd1 Qd4+ 42. Kc2 Qxf2+ 43. Kb3 Qxf1 44. Qxf1 Rxf1 45. Nb6 Rf8 46. Nc4 f2
47. Ka4 Rc1 0-1

[Event "Nationale I"]
[Site "Avoine"]
[Date "2011.11.12"]
[Round "2.6"]
[White "Bricard, Herve"]
[Black "Barbini, Denis"]
[Result "0-1"]
[WhiteElo "2043"]
[BlackElo "2116"]
[PlyCount "80"]
[EventDate "2011.11.12"]
[EventType "team"]
[EventCountry "FRA"]
[SourceDate "2011.11.20"]
[WhiteTeam "Loures barousses"]
[BlackTeam "Lisieux"]

1. e4 e5 2. Bc4 Nf6 3. d3 Bc5 4. Bg5 d6 5. c3 h6 6. Bh4 Bb6 7. Nd2 Nbd7 8. Ngf3
Nf8 9. b4 Ng6 10. Qb3 O-O 11. Bg3 c6 12. Qc2 Nh5 13. O-O-O a5 14. Bb3 axb4 15.
cxb4 Qe7 16. Nc4 Bc7 17. d4 Ngf4 18. Ne3 Be6 19. d5 Bd7 20. Bh4 g5 21. Bg3 cxd5
22. Bxf4 Nxf4 23. g3 Bb6 24. Kb1 Bxe3 25. fxe3 Ne6 26. exd5 Nc7 27. h4 Nb5 28.
Qd2 g4 29. Ne1 Rfc8 30. Ka1 Rc3 31. Rb1 Bf5 32. Rb2 Qc7 33. Ng2 Na3 34. Rd1 Rc8
35. e4 Rc1+ 36. Rb1 Nxb1 37. Qxc1 Qxc1 38. Rxc1 Rxc1 39. exf5 Nd2+ 40. Kb2 Nxb3
0-1

[Event "Nationale I"]
[Site "Avoine"]
[Date "2011.11.12"]
[Round "2.7"]
[White "Marchadour, Emilie"]
[Black "Pokee, Anne Josephe"]
[Result "0-1"]
[WhiteElo "2022"]
[BlackElo "1955"]
[PlyCount "54"]
[EventDate "2011.11.12"]
[EventType "team"]
[EventCountry "FRA"]
[SourceDate "2011.11.20"]
[WhiteTeam "Lisieux"]
[BlackTeam "Loures barousses"]

1. e4 d5 2. exd5 Nf6 3. d4 Bg4 4. f3 Bf5 5. Bb5+ c6 6. dxc6 Nxc6 7. Ne2 e5 8.
dxe5 Qxd1+ 9. Kxd1 O-O-O+ 10. Bd2 Nxe5 11. Kc1 a6 12. Ba4 Nc4 13. c3 Bxb1 14.
Bg5 Bd3 15. Nf4 Bf5 16. Bb3 Ne5 17. g4 Nxf3 18. Bxf6 gxf6 19. gxf5 Bh6 20. Rf1
Bxf4+ 21. Kc2 Rd2+ 22. Kb1 Rg8 23. a4 Rgg2 24. Ra3 Rxb2+ 25. Ka1 Be5 26. Ra2
Rxa2+ 27. Bxa2 Rg1 0-1

[Event "Nationale I"]
[Site "Avoine"]
[Date "2011.11.12"]
[Round "2.8"]
[White "Condeminas, Christian"]
[Black "Blanche, Paul"]
[Result "0-1"]
[WhiteElo "1741"]
[BlackElo "2125"]
[PlyCount "156"]
[EventDate "2011.11.12"]
[EventType "team"]
[EventCountry "FRA"]
[SourceDate "2011.11.20"]
[WhiteTeam "Loures barousses"]
[BlackTeam "Lisieux"]

1. e4 c5 2. c3 Nf6 3. e5 Nd5 4. d4 Nc6 5. Bc4 Nb6 6. Bb3 cxd4 7. Nf3 d5 8. exd6
Qxd6 9. O-O Bf5 10. Re1 e6 11. Na3 a6 12. cxd4 Be7 13. Be3 O-O 14. Ne5 Rfe8 15.
Nxc6 Qxc6 16. Rc1 Qd7 17. Qf3 Bf6 18. Red1 Nd5 19. Qg3 b5 20. Bg5 Bxg5 21. Qxg5
h6 22. Qd2 Qe7 23. Nc2 Ra7 24. Ne3 Nxe3 25. fxe3 Rd7 26. Bc2 Bg4 27. Qd3 Bf5
28. Qd2 Qg5 29. Qf2 Bxc2 30. Rxc2 Qd5 31. b3 Qe4 32. Rdc1 e5 33. Qf3 Qxf3 34.
gxf3 exd4 35. e4 Kh7 36. Kf2 Kg6 37. Rc8 Rxc8 38. Rxc8 d3 39. Rc6+ Kg5 40. Rc5+
Kf6 41. Ke1 d2+ 42. Kd1 g5 43. Rc6+ $11 Ke5 44. Rxa6 Kf4 45. Rc6 Kxf3 46. e5
$11 Ke4 47. Rd6 Ra7 48. e6 fxe6 49. Rxe6+ Kf3 50. Rxh6 Rxa2 51. Rh3+ Kf4 52.
Rd3 g4 53. Rd5 Ke3 54. Re5+ Kd3 55. Rd5+ Kc3 56. Rc5+ Kb4 57. Rg5 Ra1+ 58. Kxd2
Ra2+ 59. Kc1 Rxh2 60. Rxg4+ Kxb3 61. Rg3+ Ka2 62. Rg8 b4 63. Ra8+ Kb3 64. Rb8
Rh1+ 65. Kd2 Ka3 66. Ra8+ Kb2 67. Rb8 b3 68. Rb7 Rh6 69. Rb8 Rd6+ 70. Ke2 Kc2
71. Rc8+ Kb1 72. Rb8 b2 73. Rb7 Rd5 74. Rb8 Ka2 75. Ra8+ Kb3 76. Rb8+ Ka3 77.
Rb7 Rd4 78. Ra7+ Kb3 0-1

[Event "Nationale I"]
[Site "Avoine"]
[Date "2011.11.13"]
[Round "3.1"]
[White "Pinter, Jozsef"]
[Black "Iordanov, Nikolay"]
[Result "1-0"]
[WhiteElo "2549"]
[BlackElo "2211"]
[PlyCount "217"]
[EventDate "2011.11.12"]
[EventType "team"]
[EventCountry "FRA"]
[SourceDate "2011.11.20"]
[WhiteTeam "Loures barousses"]
[BlackTeam "JEEN"]

1. d4 d5 2. c4 e6 3. Nc3 Nf6 4. Bg5 Be7 5. Nf3 O-O 6. Rc1 Ne4 7. Bxe7 Qxe7 8.
g3 Qb4 9. Qb3 Qxb3 10. axb3 Nxc3 11. Rxc3 c6 12. Bg2 Nd7 13. O-O Rd8 14. e3 Nf6
15. Ne5 Ne4 16. Bxe4 dxe4 17. c5 Rd5 18. Nc4 f6 19. Ra1 a6 20. f4 exf3 21. Nb6
Rb8 22. Nxd5 exd5 23. Kf2 Bg4 24. b4 Bd7 25. Kxf3 Re8 26. Ke2 h5 27. Kd2 g6 28.
Kc2 Kf7 29. Kb3 Ke7 30. b5 axb5 31. Ra7 Bc8 32. Kc2 Kd8 33. Kd2 Kc7 34. Rc1 f5
35. Rf1 Re7 36. Ra8 Re4 37. Rf4 Re7 38. h3 Rh7 39. Ke2 Re7 40. Kf2 Rh7 41. Kg2
Re7 42. Rf3 Rh7 43. g4 hxg4 44. hxg4 fxg4 45. Rf6 Bf5 46. Raf8 b4 47. R6f7+
Rxf7 48. Rxf7+ Kb8 49. Kg3 b3 50. Kf4 Ka7 51. Kg3 Kb8 52. Rh7 Ka7 53. Kf2 Ka6
54. Rh1 Kb5 55. Ke2 b6 56. cxb6 Kxb6 57. Kd2 c5 58. dxc5+ Kxc5 59. Rc1+ Kd6 60.
Ke2 Ke5 61. Rd1 Be4 62. Kf2 Kf5 63. Rd4 Ke5 64. Rb4 Bc2 65. Rxg4 Be4 66. Rg5+
Kd6 67. Rg1 Ke5 68. Rd1 Bc2 69. Rd4 Be4 70. Kg3 Bc2 71. Rb4 Kf5 72. Rf4+ Ke5
73. Kf2 Be4 74. Rf8 Kd6 75. Kg3 Ke5 76. Rb8 Bc2 77. Re8+ Kf5 78. Kf2 Be4 79.
Ke2 Bc2 80. Rb8 Ke5 81. Kd2 Kd6 82. Re8 Kd7 83. Re5 Kd6 84. Rg5 Ke6 85. Kc3 Kd6
86. Kd4 Be4 87. Re5 Bf3 88. Re8 Be4 89. Rb8 Bc2 90. Rd8+ Ke6 91. Rxd5 Kf6 92.
e4 g5 93. Rd6+ Kf7 94. Ke5 g4 95. Rd2 Kg6 96. Kf4 Kh5 97. e5 g3 98. Kxg3 Kg6
99. Kf4 Kf7 100. Rd6 Ke7 101. Ke3 Kf7 102. Kd4 Ke7 103. Kd5 Bd1 104. Re6+ Kd7
105. Rf6 Ke7 106. Rf4 Bc2 107. e6 Bd1 108. Rf7+ Ke8 109. Kd6 1-0

[Event "Nationale I"]
[Site "Avoine"]
[Date "2011.11.13"]
[Round "3.2"]
[White "Regoli, Stephane"]
[Black "Szitas, Gabor"]
[Result "0-1"]
[WhiteElo "2253"]
[BlackElo "2200"]
[PlyCount "93"]
[EventDate "2011.11.12"]
[EventType "team"]
[EventCountry "FRA"]
[SourceDate "2011.11.20"]
[WhiteTeam "JEEN"]
[BlackTeam "Loures barousses"]

1. e4 c5 2. Nf3 Nc6 3. Bb5 g6 4. O-O Bg7 5. Re1 Nf6 6. e5 Nd5 7. Nc3 Nc7 8.
Bxc6 dxc6 9. Ne4 Ne6 10. d3 O-O 11. Be3 b6 12. Qd2 Nd4 13. Nxd4 cxd4 14. Bh6 f5
15. exf6 exf6 16. Re2 a5 17. Rae1 Ra7 18. Bf4 Rd7 19. h4 Rd5 20. Ng3 Bd7 21.
Bh6 Re8 22. Bxg7 Rxe2 23. Rxe2 Kxg7 24. Qf4 c5 25. h5 g5 26. Qf3 Re5 27. Rxe5
fxe5 28. Qd5 Qe8 29. b3 Qe6 30. Qb7 Kh6 31. Qb8 Kg7 32. Qd8 h6 33. Ne4 a4 34.
Qc7 axb3 35. axb3 Kf8 36. Qd8+ Kg7 37. Qc7 Kf8 38. Qb8+ Kg7 39. Qd8 Kf7 40. Qh8
Ke7 41. Qg7+ Kd8 42. Nf6 Bc6 43. Qf8+ Kc7 44. Qxh6 b5 45. Qxg5 Kb6 46. f3 Be8
47. Nxe8 0-1

[Event "Nationale I"]
[Site "Avoine"]
[Date "2011.11.13"]
[Round "3.3"]
[White "Sanchez, Nicolas"]
[Black "Bousmaha, Abderahmane"]
[Result "1-0"]
[WhiteElo "2160"]
[BlackElo "2080"]
[PlyCount "95"]
[EventDate "2011.11.12"]
[EventType "team"]
[EventCountry "FRA"]
[SourceDate "2011.11.20"]
[WhiteTeam "Loures barousses"]
[BlackTeam "JEEN"]

1. d4 d5 2. Nf3 Bf5 3. c4 e6 4. Nc3 Nc6 5. Qa4 Qd7 6. Bf4 Nf6 7. e3 Nb4 8.
Qxd7+ Nxd7 9. Kd2 dxc4 10. Bxc4 Nb6 11. Be2 N4d5 12. Bg3 Be7 13. Rhc1 c6 14.
Nh4 Nxc3 15. bxc3 Ba3 16. Rf1 Be4 17. Bd3 f5 18. Nf3 Bd5 19. Rfb1 Bxf3 20. gxf3
g5 21. Be5 Rg8 22. Rb3 Be7 23. a4 O-O-O 24. Rab1 Rd7 25. a5 Na4 26. Ra1 b5 27.
Rxa4 a6 28. Ra1 c5 29. Ke2 f4 30. Bxh7 Rf8 31. dxc5 Bxc5 32. Be4 Rfd8 33. Bd4
Be7 34. Rc1 e5 35. Bxe5 Rd2+ 36. Ke1 fxe3 37. fxe3 g4 38. Bf5+ Kb7 39. Be4+ Kc8
40. Bd4 Rxh2 41. Bf5+ Kb7 42. fxg4 Bh4+ 43. Kd1 Bg5 44. Rc2 Rh3 45. Ke2 Rh2+
46. Kf3 Rh1 47. Kg2 Re1 48. c4 1-0

[Event "Nationale I"]
[Site "Avoine"]
[Date "2011.11.13"]
[Round "3.4"]
[White "Mehaibia, Azzedine"]
[Black "Hutin, Christophe"]
[Result "0-1"]
[WhiteElo "2147"]
[BlackElo "2127"]
[PlyCount "116"]
[EventDate "2011.11.12"]
[EventType "team"]
[EventCountry "FRA"]
[SourceDate "2011.11.20"]
[WhiteTeam "JEEN"]
[BlackTeam "Loures barousses"]

1. e4 d5 2. exd5 Nf6 3. Nf3 Nxd5 4. d4 Bf5 5. Bc4 Nb6 6. Bb3 e6 7. O-O Be7 8.
Re1 O-O 9. Nbd2 c5 10. c3 Nc6 11. dxc5 Bxc5 12. Bc2 Bxc2 13. Qxc2 Nd5 14. Ne4
Be7 15. a3 Nf6 16. Ng3 Qc7 17. h3 Rad8 18. Be3 Rd7 19. Rad1 Rfd8 20. Rxd7 Rxd7
21. Rd1 a6 22. Ne2 Nd5 23. Bc1 Bf6 24. c4 Nde7 25. b4 Nf5 26. Bf4 Rxd1+ 27.
Qxd1 e5 28. Qd3 g6 29. Bd2 Qd6 30. Qd5 Qxd5 31. cxd5 Nce7 32. Nc3 Nd6 33. Bg5
Kg7 34. Bxf6+ Kxf6 35. Nd2 Nec8 36. Kf1 Ke7 37. Ke2 f5 38. Kd3 Kf6 39. Nc4 b5
40. Nxd6 Nxd6 41. a4 h5 42. a5 g5 43. Ne2 h4 44. Nc1 Ne8 45. Ne2 Ke7 46. g3 Kd6
47. gxh4 gxh4 48. f4 Nf6 49. fxe5+ Kxe5 50. d6 Kxd6 51. Nd4 Ke5 52. Nf3+ Kf4
53. Nxh4 Nd5 54. Kd4 Nxb4 55. Kc5 Nd3+ 56. Kb6 b4 57. Ng2+ Ke4 58. h4 b3 0-1

[Event "Nationale I"]
[Site "Avoine"]
[Date "2011.11.13"]
[Round "3.5"]
[White "Bricard, Herve"]
[Black "Benbara, Brahim"]
[Result "1-0"]
[WhiteElo "2043"]
[BlackElo "2071"]
[PlyCount "111"]
[EventDate "2011.11.12"]
[EventType "team"]
[EventCountry "FRA"]
[SourceDate "2011.11.20"]
[WhiteTeam "Loures barousses"]
[BlackTeam "JEEN"]

1. e4 Nf6 2. Nc3 d5 3. exd5 Nxd5 4. Be2 g6 5. Nf3 Bg7 6. d4 Nxc3 7. bxc3 O-O 8.
O-O c5 9. Be3 Nd7 10. Qd2 Qa5 11. Rfb1 a6 12. Rb3 Rd8 13. Qc1 Qc7 14. Qa3 c4
15. Rbb1 Bf8 16. Qc1 b5 17. a4 Nb6 18. axb5 a5 19. Bf4 Qa7 20. Ne5 Bb7 21. Bxc4
Nxc4 22. Nxc4 a4 23. Bc7 Bd5 24. b6 Qb7 25. Ne3 Bh6 26. Qf1 Bxe3 27. fxe3 Rf8
28. c4 Be4 29. Qe2 a3 30. Rb3 a2 31. Rb2 Rac8 32. Rbxa2 Rxc7 33. bxc7 Qxc7 34.
Ra7 Qd8 35. d5 e6 36. Rd1 exd5 37. cxd5 Bxd5 38. Ra4 Qe8 39. Rad4 Be4 40. Qc4
Bf5 41. e4 Bg4 42. R1d2 Qb8 43. Qb3 Qa7 44. Qe3 Qa1+ 45. Kf2 Kg7 46. Qg3 h5 47.
Qe5+ Kh7 48. h3 Be6 49. Qf6 Rb8 50. Qf3 Rb2 51. Qc3 Qa2 52. Rd8 Qa7+ 53. Kg3
h4+ 54. Kf3 f6 55. Qxf6 Qf7 56. Rh8# 1-0

[Event "Nationale I"]
[Site "Avoine"]
[Date "2011.11.13"]
[Round "3.6"]
[White "Dicko, Henri"]
[Black "Osete, Jose"]
[Result "1/2-1/2"]
[WhiteElo "2142"]
[BlackElo "2002"]
[PlyCount "83"]
[EventDate "2011.11.12"]
[EventType "team"]
[EventCountry "FRA"]
[SourceDate "2011.11.20"]
[WhiteTeam "JEEN"]
[BlackTeam "Loures barousses"]

1. e4 e6 2. Nf3 d5 3. e5 Bd7 4. a3 a5 5. d4 c5 6. dxc5 Bxc5 7. Bd3 Qb6 8. Qe2
Nc6 9. Nc3 Nce7 10. O-O h6 11. Bd2 Ng6 12. b4 Bd4 13. Bxg6 fxg6 14. Qd3 Bxc3
15. Qxg6+ Kf8 16. Bxc3 Ne7 17. Qg4 Qc7 18. Bd4 Nf5 19. Rfe1 Kf7 20. h4 Rhc8 21.
c3 Kg8 22. Qg6 Qd8 23. g3 Ra6 24. Rab1 axb4 25. axb4 Be8 26. Qg4 Bb5 27. Rb2
Rca8 28. Qg6 Be8 29. Qg4 Bb5 30. Qg6 Be8 31. Qg4 Bb5 32. Nd2 Ra2 33. Rxa2 Rxa2
34. Nb3 Qe7 35. Qf4 Bc4 36. Bc5 Qf7 37. Nd4 Nxd4 38. Qxf7+ Kxf7 39. Bxd4 b5 40.
Kg2 h5 41. Re3 Be2 42. Kg1 1/2-1/2

[Event "Nationale I"]
[Site "Avoine"]
[Date "2011.11.13"]
[Round "3.7"]
[White "Pokee, Anne Josephe"]
[Black "Gatine, Aurelia"]
[Result "1-0"]
[WhiteElo "1955"]
[BlackElo "1973"]
[PlyCount "43"]
[EventDate "2011.11.12"]
[EventType "team"]
[EventCountry "FRA"]
[SourceDate "2011.11.20"]
[WhiteTeam "Loures barousses"]
[BlackTeam "JEEN"]

1. e4 c5 2. Nf3 d6 3. c3 Nc6 4. Be2 Nf6 5. d4 d5 6. exd5 Nxd5 7. c4 Qa5+ 8. Bd2
Ndb4 9. O-O Bg4 10. d5 Bxf3 11. Bxf3 Nd4 12. Be4 f5 13. a3 e5 14. dxe6 O-O-O
15. Bd5 Ndc2 16. axb4 Qxa1 17. Qxc2 Bd6 18. bxc5 Bxc5 19. Bf4 Qa6 20. e7 Bxe7
21. Qxf5+ Rd7 22. Be6 1-0